| 000 | 00556cam a2200229 4500 | ||
|---|---|---|---|
| 008 | 090401t1990 xxu||||| |||| 00| 0 eng d | ||
| 020 | _a0947763414 | ||
| 035 | _a(Sirsi) u60696 | ||
| 041 | _aeng | ||
| 050 | _a333.332 | ||
| 100 | _aSmith, K.R | ||
| 245 | _aValuation for rating | ||
| 250 | _a2nd ed. | ||
| 260 |
_aReading _bCollege of Estate Management _c1990 |
||
| 300 | _a56p. ; 25cm. | ||
| 350 | _a12.5 | ||
| 490 |
_aProperty Valuation Handbook _vC1 |
||
| 650 | _aCALUS | ||
| 650 | _aRATES AND RATING | ||
| 942 | _n0 | ||
| 948 | _c04/03/1997 | ||
| 999 |
_c94249 _d94249 |
||